Письма Элеоноры... Шиллингу М. Ф. /итал./

Доступно только в Электронных читальных залах Найти на картеНа карте
RUSMARC
00004094nmc2a22002893x 450
0014526561d-9282-4bdc-8826-f647c67ffaf3
00520211214172755.0
100##$a20211122l1910 k y0rusy50 ca
1010#$aita
102##$aRU
105##$aa z |||e|
1220#$ad19100909
2001#$aПисьма Элеоноры... Шиллингу М. Ф. /итал./
$j09 сентября 1910
215##$a1 лист
$cил.
251##$cДело
300##$aЗаголовок дела на папке: Письма Элеоноры... Шиллингу М. Ф.
300##$aТекст на итальянском языке
300##$aЛист: 1 - художественная открытка с маркой
300##$aРукописный текст
330##$aВходит в раздел описи: 3. Документы о научной и литературной деятельности барона Шиллинга М. Ф.. Письма разных лиц Шиллингу М. Ф.
461#0$1001ff9fc58f-089b-437b-980d-902343bc59d8
$12001
$aШиллинг Маврикий Фабианович, барон, секретарь русского посольства в Вене
$1251
$cФонд
$1852
$j813
462#0$1001665c067c-d934-4316-b9df-5bf0ad49190b
$12001
$aДела постоянного хранения. 1817-1917
$vД. 466
$1251
$cОпись
$1852
$j1
5171#$aПисьма Элеоноры... Шиллингу М. Ф.
600#1$aШиллинг
$bМ. Ф.
$cбарон
$gМаврикий Фабианович
801#0$aRU
$bGA_RF
801#1$aRU
$bГлавНИВЦ
$c20211122
$2rusmarc
801#2$aRU
$bПБ им. Б.Н. Ельцина
$c20211214
$gRCR
$2rusmarc
852##$aГА РФ
$j466
937##$d171601635
$hГАРФ
035##$aRuPRLIB51061362
856##$uhttp://readingroom.main.prlib.ru/item.aspx?id_node=n171601635&mode=full
Формат отображения